[Event "GER AK-1878 email"]
[Site "GER email"]
[Date "2016.07.18"]
[Round "?"]
[White "Guelker, Lorenz"]
[Black "Eife, Gunter"]
[Result "1-0"]
[WhiteElo "1582"]
[BlackElo "1827"]
[PlyCount "25"]
[EventDate "2016.07.25"]
[EventType "tourn (corr)"]
[EventRounds "6"]
[EventCountry "GER"]
[SourceTitle "Corr 2020"]
[Source "ChessBase"]
[SourceDate "2019.09.30"]
[SourceVersion "1"]
[SourceVersionDate "2019.09.30"]
[SourceQuality "1"]

1. e4 c5 2. d4 cxd4 3. Qxd4 Nc6 4. Qd3 e5 5. a3 Nf6 6. Nf3 Bc5 7. Be2 0-0 8. 0-0 d6 9. h3 Be6 10. Nc3 h6 11. Be3 Bxe3 12. Qxe3 a6 13. Rad1 1-0

[Event "GER AK-1869 email"]
[Site "GER email"]
[Date "2015.09.27"]
[Round "?"]
[White "Eschert, Uwe"]
[Black "Guelker, Lorenz"]
[Result "1/2-1/2"]
[WhiteElo "2040"]
[BlackElo "1564"]
[PlyCount "68"]
[EventDate "2015.10.05"]
[EventType "tourn (corr)"]
[EventRounds "6"]
[EventCountry "GER"]
[SourceTitle "Corr 2020"]
[Source "ChessBase"]
[SourceDate "2019.09.30"]
[SourceVersion "1"]
[SourceVersionDate "2019.09.30"]
[SourceQuality "1"]

1. e4 e5 2. Nf3 Nc6 3. Bb5 Nf6 4. 0-0 Bc5 5. c3 Nxe4 6. d4 exd4 7. cxd4 Be7 8. d5 Nd6 9. Nc3 Nb8 10. Bd3 Na6 11. Re1 0-0 12. Qc2 f5 13. Bf4 Nb4 14. Qe2 Nxd3 15. Qxd3 b6 16. Nd4 a5 17. a4 Ba6 18. Ncb5 Bxb5 19. Nxb5 Nxb5 20. Qxb5 Bb4 21. Re2 Rc8 22. Rc1 c6 23. dxc6 Rxc6 24. Qd5+ Kh8 25. h3 Rxc1+ 26. Bxc1 f4 27. Re4 Qc7 28. Bd2 Bxd2 29. Qxd2 f3 30. Qe3 Qd8 31. gxf3 Qf6 32. Re7 d5 33. Re5 Qg6+ 34. Rg5 Qf6 1/2-1/2

[Event "GER OS-269 email"]
[Site "GER email"]
[Date "2015.06.18"]
[Round "?"]
[White "Guelker, Lorenz"]
[Black "Fuss, Heinrich"]
[Result "0-1"]
[WhiteElo "1564"]
[BlackElo "1776"]
[PlyCount "48"]
[EventDate "2015.06.30"]
[EventType "tourn (corr)"]
[EventRounds "6"]
[EventCountry "GER"]
[SourceTitle "Corr 2020"]
[Source "ChessBase"]
[SourceDate "2019.09.30"]
[SourceVersion "1"]
[SourceVersionDate "2019.09.30"]
[SourceQuality "1"]

1. d4 Nf6 2. Nc3 d5 3. Nf3 e6 4. Bg5 Bb4 5. Qd2 Nbd7 6. a3 Be7 7. e3 Ne4 8. Bxe7 Qxe7 9. Nxe4 dxe4 10. Ne5 Nxe5 11. dxe5 Bd7 12. 0-0-0 Bc6 13. Qa5 0-0 14. Be2 Qg5 15. g3 b6 16. Qc3 Bd5 17. h4 Qe7 18. g4 c6 19. Ba6 b5 20. Qa5 Rab8 21. h5 Rb6 22. h6 g6 23. Rdg1 Rfb8 24. Kd1 Qc7 0-1

[Event "GER OS-269 email"]
[Site "GER email"]
[Date "2015.06.18"]
[Round "?"]
[White "Hosak, Wilfried"]
[Black "Guelker, Lorenz"]
[Result "1-0"]
[WhiteElo "1786"]
[BlackElo "1564"]
[PlyCount "43"]
[EventDate "2015.06.30"]
[EventType "tourn (corr)"]
[EventRounds "6"]
[EventCountry "GER"]
[SourceTitle "Corr 2020"]
[Source "ChessBase"]
[SourceDate "2019.09.30"]
[SourceVersion "1"]
[SourceVersionDate "2019.09.30"]
[SourceQuality "1"]

1. e4 e5 2. Nf3 Nc6 3. Bc4 Nf6 4. Ng5 d5 5. exd5 Nxd5 6. Nxf7 Kxf7 7. Qf3+ Ke6 8. Nc3 Ncb4 9. Bb3 c6 10. a3 Na6 11. Nxd5 cxd5 12. d4 exd4 13. Bf4 Qa5+ 14. c3 Qb5 15. Ba2 Bd6 16. 0-0-0 Rf8 17. Qh3+ Kf7 18. Qh5+ Ke7 19. Rhe1+ Kd7 20. Bxd6 Kxd6 21. Qe5+ Kc6 22. Rxd4 1-0

[Event "GER OS-268 email"]
[Site "GER email"]
[Date "2015.06.15"]
[Round "?"]
[White "Hosak, Wilfried"]
[Black "Guelker, Lorenz"]
[Result "1-0"]
[WhiteElo "1786"]
[BlackElo "1564"]
[PlyCount "39"]
[EventDate "2015.06.22"]
[EventType "tourn (corr)"]
[EventRounds "6"]
[EventCountry "GER"]
[SourceTitle "Corr 2020"]
[Source "ChessBase"]
[SourceDate "2019.09.30"]
[SourceVersion "1"]
[SourceVersionDate "2019.09.30"]
[SourceQuality "1"]

1. e4 e5 2. Nf3 Nc6 3. Bc4 Nf6 4. d3 Bc5 5. c3 0-0 6. 0-0 d6 7. Bb3 Re8 8. Nbd2 Bg4 9. h3 Bh5 10. Re1 h6 11. Nf1 Rb8 12. Ng3 Bg6 13. Nh4 Nxe4 14. Rxe4 Bxe4 15. Qg4 Bxd3 16. Nh5 g5 17. Nf5 Kh7 18. h4 Re6 19. Qh3 Be2 20. hxg5 1-0

[Event "GER AK-1864 email"]
[Site "GER email"]
[Date "2015.05.10"]
[Round "?"]
[White "Guelker, Lorenz"]
[Black "Marx, Patrick"]
[Result "1-0"]
[WhiteElo "1564"]
[BlackElo "1890"]
[PlyCount "61"]
[EventDate "2015.05.22"]
[EventType "tourn (corr)"]
[EventRounds "6"]
[EventCountry "GER"]
[SourceTitle "Corr 2020"]
[Source "ChessBase"]
[SourceDate "2019.09.30"]
[SourceVersion "1"]
[SourceVersionDate "2019.09.30"]
[SourceQuality "1"]

1. d4 Nf6 2. Nc3 d5 3. Nf3 g6 4. e3 Bg7 5. Bd3 0-0 6. 0-0 c5 7. h3 cxd4 8. exd4 Nc6 9. Bg5 Bf5 10. Bxf5 gxf5 11. Bxf6 Bxf6 12. Ne2 e6 13. c3 Na5 14. Ng3 Nc4 15. Qe2 Nd6 16. Rfe1 Ne4 17. Nh5 Re8 18. Qe3 Bh8 19. Qh6 Qe7 20. Re2 Qf8 21. Qxf8+ Kxf8 22. Ne5 Red8 23. f3 Nf6 24. Ng3 Rac8 25. Nd3 Nd7 26. Nh5 Rc7 27. Rf1 Ke7 28. g4 fxg4 29. fxg4 f6 30. Nhf4 Nf8 31. Rfe1 1-0

[Event "Remote S7E Easy-195 email"]
[Site "Remote email"]
[Date "2014.08.03"]
[Round "?"]
[White "Bokmeier, Johannes"]
[Black "Guelker, Lorenz"]
[Result "0-1"]
[WhiteElo "1609"]
[BlackElo "2000"]
[PlyCount "36"]
[EventDate "2014.??.??"]
[EventType "tourn (corr)"]
[EventRounds "6"]
[EventCountry "GER"]
[SourceTitle "Corr 2015"]
[Source "ChessBase"]
[SourceDate "2015.07.17"]
[SourceVersion "1"]
[SourceVersionDate "2015.07.17"]
[SourceQuality "1"]

1. c4 e5 2. e4 Bc5 3. g3 f5 4. Bg2 Nh6 5. Qh5+ Nf7 6. Ne2 0-0 7. 0-0 g6 8. Qf3 Ng5 9. Qd3 d6 10. Nbc3 Nc6 11. a3 Be6 12. exf5 Bxf5 13. Bd5+ Be6 14. Bxe6+ Nxe6 15. Ne4 Qe7 16. b4 Ncd4 17. bxc5 Rf3 18. cxd6 cxd6 0-1

[Event "Remote S7E Basic-76 email"]
[Site "Remote email"]
[Date "2014.07.31"]
[Round "?"]
[White "Guelker, Lorenz"]
[Black "Kahl, Karl Heinz"]
[Result "1/2-1/2"]
[WhiteElo "2000"]
[BlackElo "2194"]
[PlyCount "39"]
[EventDate "2014.??.??"]
[EventType "tourn (corr)"]
[EventRounds "6"]
[EventCountry "GER"]
[SourceTitle "Corr 2015"]
[Source "ChessBase"]
[SourceDate "2015.07.17"]
[SourceVersion "1"]
[SourceVersionDate "2015.07.17"]
[SourceQuality "1"]

1. e4 d6 2. d4 Nf6 3. Nc3 g6 4. Nf3 Bg7 5. Be2 0-0 6. 0-0 c6 7. h3 Nbd7 8. Bf4 Qa5 9. Qd3 e5 10. Bh2 exd4 11. Nxd4 Ne5 12. Qd2 Qb6 13. Rab1 Re8 14. Nb3 Be6 15. Qxd6 Bxb3 16. axb3 Rad8 17. Qa3 Bf8 18. Qa1 Ned7 19. Na4 Qb4 20. Nc3 1/2-1/2

[Event "Remote S5E No Engine-270 email"]
[Site "Remote email"]
[Date "2014.07.25"]
[Round "?"]
[White "Guelker, Lorenz"]
[Black "Tortoza, Carlos Alberto"]
[Result "1-0"]
[WhiteElo "2000"]
[BlackElo "1632"]
[PlyCount "81"]
[EventDate "2014.??.??"]
[EventType "tourn (corr)"]
[EventRounds "4"]
[EventCountry "GER"]
[SourceTitle "Corr 2015"]
[Source "ChessBase"]
[SourceDate "2015.07.17"]
[SourceVersion "1"]
[SourceVersionDate "2015.07.17"]
[SourceQuality "1"]

1. e4 c5 2. Nf3 d6 3. d4 cxd4 4. Nxd4 a6 5. Nc3 e6 6. Bd3 Bd7 7. 0-0 Be7 8. Qf3 Nc6 9. Nxc6 Bxc6 10. Rd1 f6 11. h3 Qd7 12. Be3 Bd8 13. Qg3 Ba5 14. Bd2 0-0-0 15. Ne2 Bb6 16. a4 g6 17. Bb4 e5 18. a5 Ba7 19. Nc3 Ne7 20. Bc4 Qc7 21. Qd3 f5 22. Bxd6 Rxd6 23. Qxd6 Qxd6 24. Rxd6 Bc5 25. Re6 Rd8 26. Rxe5 Rd7 27. Rxc5 Kc7 28. Nd5+ Nxd5 29. exd5 Rxd5 30. Bxd5 Kd6 31. Bxc6 Kxc5 32. Bxb7 Kb5 33. b3 h6 34. c4+ Kb4 35. Bxa6 Kxb3 36. c5 Kb4 37. c6 Kc5 38. c7 Kd4 39. c8Q Ke5 40. Re1+ Kf4 41. Qd8 1-0

[Event "Remote S5E No Engine-268 email"]
[Site "Remote email"]
[Date "2014.07.07"]
[Round "?"]
[White "Tortoza, Carlos Alberto"]
[Black "Guelker, Lorenz"]
[Result "1-0"]
[WhiteElo "1632"]
[BlackElo "2000"]
[PlyCount "41"]
[EventDate "2014.??.??"]
[EventType "tourn (corr)"]
[EventRounds "4"]
[EventCountry "GER"]
[SourceTitle "Corr 2015"]
[Source "ChessBase"]
[SourceDate "2015.07.17"]
[SourceVersion "1"]
[SourceVersionDate "2015.07.17"]
[SourceQuality "1"]

1. e4 e5 2. Nf3 Nc6 3. Bc4 Nf6 4. d3 Bc5 5. 0-0 0-0 6. a3 d6 7. Nc3 Bg4 8. h3 Bh5 9. Bg5 h6 10. Bh4 g5 11. Bg3 Nd4 12. Bh2 Nxf3+ 13. gxf3 Bd4 14. Bg3 Nd7 15. Kg2 Nb6 16. Bb3 Bxc3 17. bxc3 Qd7 18. d4 exd4 19. Qxd4 c5 20. Qf6 Nc8 21. Qxh6 1-0

[Event "Remote S5E No Engine-265 email"]
[Site "Remote email"]
[Date "2014.05.30"]
[Round "?"]
[White "Guelker, Lorenz"]
[Black "Tortoza, Carlos Alberto"]
[Result "1-0"]
[WhiteElo "2000"]
[BlackElo "1632"]
[PlyCount "63"]
[EventDate "2014.??.??"]
[EventType "tourn (corr)"]
[EventRounds "4"]
[EventCountry "GER"]
[SourceTitle "Corr 2015"]
[Source "ChessBase"]
[SourceDate "2015.07.17"]
[SourceVersion "1"]
[SourceVersionDate "2015.07.17"]
[SourceQuality "1"]

1. e4 c5 2. Nf3 d6 3. d4 cxd4 4. Nxd4 a6 5. Bd3 f6 6. 0-0 e6 7. Bc4 d5 8. exd5 exd5 9. Re1+ Ne7 10. Bb3 Nd7 11. Ne6 Ne5 12. Nxd8 Kxd8 13. Bxd5 Nd7 14. Nc3 g5 15. Be6 Bg7 16. Be3 b5 17. Bb6+ Ke8 18. Bxd7+ Bxd7 19. Qh5+ Kf8 20. Bc5 Re8 21. Nd5 a5 22. Bxe7+ Kg8 23. Bxf6 h6 24. Rxe8+ Bxe8 25. Qxe8+ Kh7 26. Qe7 Rg8 27. Qe4+ Kh8 28. Ne7 Bxf6 29. Nxg8 Kxg8 30. Qb7 Bxb2 31. Rd1 b4 32. Rd8# 1-0

[Event "Remote No Engine Nah2-17 email"]
[Site "Remote email"]
[Date "2014.05.28"]
[Round "?"]
[White "Guelker, Lorenz"]
[Black "Zens, Rolf"]
[Result "0-1"]
[WhiteElo "2000"]
[BlackElo "2104"]
[PlyCount "52"]
[EventDate "2014.??.??"]
[EventType "tourn (corr)"]
[EventRounds "6"]
[EventCountry "GER"]
[SourceTitle "Corr 2015"]
[Source "ChessBase"]
[SourceDate "2015.07.17"]
[SourceVersion "1"]
[SourceVersionDate "2015.07.17"]
[SourceQuality "1"]

1. d4 Nf6 2. Nf3 e6 3. Nc3 d5 4. Bg5 Be7 5. e3 0-0 6. a3 Nbd7 7. Be2 c5 8. dxc5 Nxc5 9. 0-0 h6 10. Bh4 a6 11. Ne5 Nfd7 12. Bxe7 Qxe7 13. Qd4 Nxe5 14. Qxe5 Nd7 15. Qg3 Nf6 16. Bd3 Bd7 17. Ne2 e5 18. Nc3 Rac8 19. Rfd1 Qe6 20. a4 Rfe8 21. a5 Bc6 22. Ra3 Nh7 23. Bxh7+ Kxh7 24. h3 Rcd8 25. Na2 Rd7 26. Nb4 f6 0-1

[Event "Remote No Engine Nah2-17 email"]
[Site "Remote email"]
[Date "2014.05.28"]
[Round "?"]
[White "Pirs, Matjaz"]
[Black "Guelker, Lorenz"]
[Result "1-0"]
[WhiteElo "2506"]
[BlackElo "1985"]
[PlyCount "51"]
[EventDate "2014.??.??"]
[EventType "tourn (corr)"]
[EventRounds "6"]
[EventCountry "GER"]
[SourceTitle "Corr 2015"]
[Source "ChessBase"]
[SourceDate "2015.07.17"]
[SourceVersion "1"]
[SourceVersionDate "2015.07.17"]
[SourceQuality "1"]

1. e4 e5 2. Nf3 Nc6 3. Bb5 Nf6 4. 0-0 Nd4 5. Nxd4 exd4 6. Re1 Bc5 7. d3 0-0 8. Bg5 h6 9. Bh4 d6 10. h3 a6 11. Bc4 Be6 12. Bb3 Bb4 13. c3 dxc3 14. bxc3 Ba5 15. f4 Bb6+ 16. Kh1 Bxb3 17. Qxb3 g5 18. fxg5 Nh7 19. Rf1 Nxg5 20. Nd2 a5 21. Rf5 Kg7 22. Nc4 f6 23. Nxb6 cxb6 24. Raf1 a4 25. Qd1 Qc7 26. c4 1-0